| 000 | 00357nam a22001337a 4500 | ||
|---|---|---|---|
| 999 |
_c522866 _d522866 |
||
| 005 | 20190125115405.0 | ||
| 008 | 190125b ||||| |||| 00| 0 eng d | ||
| 040 | _cDLC | ||
| 082 |
_a320.95491 _bRAU |
||
| 245 |
_aAik Siyasat Kai Kahaniyaan / _cRauf Clasara |
||
| 260 |
_aLahore : _bDost Publications, _c2010. |
||
| 300 |
_a390p. : _c25 cm. |
||
| 942 |
_2ddc _cBK |
||